Missing Word: 'H' #1s Quiz Stats

 Plays Quiz Updated Mar 23, 2013

Support Sporcle.
Go Orange.
Score 0/20 Timer 03:00
0 Plays Today
Single Title 'H' Word % Correct
I Want to Hold Your ____Hand
96.8%
My ____ Will Go OnHeart
95.4%
This is ____ We Do ItHow
95.2%
____ Tonk WomanHonky
90.3%
____ StuffHot
86.6%
The ____ of the Rising SunHouse
85.7%
The Tide is ____High
84.6%
____ OnHold
83.3%
____ Ya!Hey
83.1%
You Keep Me ____ OnHangin'
78.7%
Single Title 'H' Word % Correct
____ Don't LieHips
69.9%
A ____ With No NameHorse
68.1%
Locked Out of ____Heaven
64.1%
____ on a FeelingHooked
59.6%
You Can't ____ LoveHurry
59.1%
____ GirlHollaback
53.9%
A Big ____ o' LoveHunk
52.7%
____, I Love You Hello
49.1%
____ ShakeHarlem
45%
I ____ Love YouHonestly
36.1%

Today's Daily Dose

You're not logged in!

Compare scores with friends on all Sporcle quizzes.
OR
Log In

From the Vault

Seven Dwarfs Consonants

by Flick

Yes, it is okay to whistle while you work.
Remove Ads.
Support Sporcle.
Get the best of Sporcle when you Go Orange. This ad-free experience offers more features, more stats, and more fun while also helping to support Sporcle. Thank you for becoming a member.

Show Comments

Extras

Top Quizzes Today


Score Distribution

Your Account Isn't Verified!

In order to create a playlist on Sporcle, you need to verify the email address you used during registration. Go to your Sporcle Settings to finish the process.

Report this User

Report this user for behavior that violates our Community Guidelines.

Details: